00626 2200169 4500001002100000005001500021035002000036245010000056100006300156300001700219700006300236260004300299082001000342084001600352600006300368990002500431INLIS00000000000042520251103105813 a0010-11250000041 aMenebus Dosa Dengan Shalat Jum`at /cAbu Abdul `Aziz Abdullah Bin Safar Al- `Abdaliy Al-Ghamidy0 aAbu Abdul `Aziz Abdullah Bin Safar Al- `Abdaliy Al-Ghamidy a63 ;c18,3cm0 aAbu Abdul `Aziz Abdullah Bin Safar Al- `Abdaliy Al-Ghamidy aYogyakarta :bAlam Islamy Press,c1997 a2x4.1 a2x4.1 ABU m 4aAbu Abdul `Aziz Abdullah Bin Safar Al- `Abdaliy Al-Ghamidy a2013/SMKMIRI/683/001